| 000 | 01771nam0a22002771 4500 | ||
|---|---|---|---|
| 001 | rc\3008308 | ||
| 005 | 20250806211214.0 | ||
| 035 | _a(NLR Aleph) 007216253 | ||
| 090 |
_a61283 _c61283 |
||
| 100 | _a20110922d1941 u y0rusy50 ca | ||
| 101 | 0 | _arus | |
| 102 | _aRU | ||
| 105 | _ay z ||||| | ||
| 200 | 1 | _aПостановления IV-го пленума ЦК Профсоюза рабочих мукомольной промышленности и элеваторов Востока 20-23 декабря 1940 года и постановления III-го пленума Казахского республиканского комитета Профсоюза рабочих мукомольной промышленности и элеваторов Востока 26-28 января 1941 года | |
| 210 |
_aАлма-Ата _cКазах. респ. ком. Профсоюза рабочих мукомол. пром-сти и элеваторов Востока _d1941 |
||
| 215 |
_a32 с. _d20 см |
||
| 300 | _aБез обл. | ||
| 601 | 0 | 2 |
_aСоюз рабочих мукомольной промышленности и элеваторов Востока СССР _bКазахский республиканский комитет _bПленум _f1941. Январь |
| 710 | 0 | 2 |
_aСоюз рабочих мукомольной промышленности и элеваторов Востока СССР _bЦК _bПленум _e1940. Декабрь |
| 801 | 0 |
_aRU _bNLR _gpsbo |
|
| 801 | 1 |
_aRU _bELAR _2rusmarc |
|
| 852 |
_aNLR _jИр70 Г-4/7 |
||
| 942 | _cBOOK | ||
| 945 |
_aРоссийская национальная библиотека _aНациональная библиотека Республики Казахстан |
||
| 980 | _aNB | ||
| 980 | _aBV | ||